000 00806 a2200169 4500
003 Nust
005 20170207153947.0
040 _cNust
082 _a310
100 _aBhatti.A Iqbal
245 _aIntermediate Practical Statistics
_cIqbal A. Bhatti
260 _aJhelum
_bBhatti Publishers
300 _a111, p.;
505 _aTabulation of Statistical Data (Page-1) Diagrammatic and Graphic Representation of Data (Page-3) Logarithms (Page-12) Measures of Central Tendency (Page-17) Measures of Dispersion (Page-34) Moments and Skewness (Page-43) Index Numbers (Page-54) Analysis of the Time Series (Page-60) Simple Correlation (Page-75) Chi- Square (Page-79) Interpolation (Page-84) Curve Fitting (Page-89) Theoretical Distributions (Page-97)
538 _aAlmirah No.50 Shelf No.2
650 _astatistics
942 _2ddc
_cBK
999 _c190584
_d190584